Evaluación de la capacidad del eucalyptus saligna para la producción de papel liner mediante el pulpeo químico Kraft
Zapisane w:
| 1. autor: | |
|---|---|
| Format: | Książka |
| Język: | Spanish |
| Wydane: |
San José, Costa Rica
1990
|
| Hasła przedmiotowe: | |
| Etykiety: |
Dodaj etykietę
Nie ma etykietki, Dołącz pierwszą etykiete!
|
MARC
| LEADER | 00000nam a22000007a 4500 | ||
|---|---|---|---|
| 003 | 011752 | ||
| 005 | 20231122101353.0 | ||
| 008 | 161011b1990 cr a|||| |||| 00| ||spa d | ||
| 040 | |c cru CEDI | ||
| 090 | |a TFG 1302 | ||
| 100 | |a Lépiz Villegas, Tatiana, 1967- |9 1811 | ||
| 245 | |a Evaluación de la capacidad del eucalyptus saligna para la producción de papel liner mediante el pulpeo químico Kraft | ||
| 260 | |a San José, Costa Rica |c 1990 | ||
| 300 | |a vi, 142 hojas ; 28 cm | ||
| 500 | |a Proyecto de graduacion (licenciatura en ingeniería. Escuela de Ingeniería Quimica | ||
| 650 | |x PAPEL - INDUSTRIA Y COMERCIO - INDUSTRIA Y COMERCIO |9 5387 | ||
| 942 | |c TFG |h TFG 1302 |i 011752 |6 TFG_1302_011752000000000 | ||
| 999 | |c 17069 |d 17069 | ||
